LEADER 01191nam a2200277 i 4500 001 991002350049707536 008 070411s2005 ne s 000 0 enm d 020 $a902723230X 035 $ab13513837-39ule_inst 040 $aDip.to Lingue$bita 082 4$a427.02 245 00$aMiddle English Medical Texts /$cIrma Taavitsainen, Päivi Pahta, and Martti Mäkinen ; incl. MEMT presenter by Raymond Hickey 260 $a[Amsterdam] :$bJohn Benjamins Publishing Company,$cc2005 300 $a1 CD-ROM 650 4$aLingua inglese medievale$xTerminologia medica$vTesti e documenti 650 4$aMedicina medievale$zInghilterra 700 1 $aTaavitsainen, Irma$eauthor$4http://id.loc.gov/vocabulary/relators/aut$0291445 700 1 $aPahta, Päivi$eauthor$4http://id.loc.gov/vocabulary/relators/aut$0424323 700 1 $aMäkinen, Martti 700 1 $aHickey, Raymond 907 $a.b13513837$b04-03-22$c11-04-07 912 $a991002350049707536 945 $aLE012 427.02 TAA 3$g1$i2012000145429$lle012$o-$pE0.00$q-$rl$s- $t0$u0$v0$w0$x0$y.i14426651$z11-04-07 996 $aMiddle English Medical Texts$91463051 997 $aUNISALENTO 998 $ale012$b11-04-07$cm$dm $e-$fenm$gne $h0$i0 LEADER 01589nam0 22003131i 450 001 UON00018233 005 20231205102005.298 100 $a20020107d1962 |0itac50 ba 101 $aeng 102 $aUS 105 $a|||| 1|||| 200 1 $aBuriat Reader$fJames E. Bosson$gSupervised and Ed. by Nicholas Poppe 210 $aBloomington$cIndiana University$d1962 ix$d249 p. ; 22 cm 410 1$1001UON00003505$12001 $aIndiana University Publications. Uralic and Altaic Series$v8 410 1$1001UON00018232$12001 $aAmerican Council of Learned Societies. Research and Studies in Uralic and Altaic Languages. Project - Washington$eAmerican Council of Learner Societies v. ; 23 cm$v34 606 $aLINGUE MONGOLE$xBURIATO$3UONC006652$2FI 620 $aUS$dBloomington (IN)$3UONL000188 686 $aMON II B$cMONGOLIA - LINGUISTICA - BURIATO$2A 700 1$aBosson$bJames E.$3UONV012982$0641401 702 1$aPOPPE$bNicholas$3UONV003516 712 $aIndiana University Press$3UONV246015$4650 790 1$aPOPPE, Nikolaus$zPOPPE, Nicholas$3UONV009787 801 $aIT$bSOL$c20250404$gRICA 912 $aUON00018233 950 $aSIBA - SISTEMA BIBLIOTECARIO DI ATENEO$dSI MON II B 004 N $eSI TUR616 5 004 N 950 $aSIBA - SISTEMA BIBLIOTECARIO DI ATENEO$dSI FL 8 0034 $eSI GL 2123/2 5 0034 $sBuono 966 $aLINGUA BURIATA$yLINGUE MONGOLE - BURIATO$3UONC004970 996 $aBuriat Reader$91198181 997 $aUNIOR